| Tag |
First Indicator |
Second Indicator |
Subfields |
| LEADER |
00000cam a2200000 4500 |
| 001 |
in00003484713 |
| 005 |
20151206122620.0 |
| 008 |
800702s1847 pauaf 00010 eng |
| 010 |
|
|
|a 20009541
|
| 035 |
|
|
|a (OCoLC)ocm06478195
|
| 040 |
|
|
|a DLC
|c VA@
|d TNY
|d UtOrBLW
|
| 090 |
|
|
|a PS535
|b .T8
|
| 100 |
1 |
|
|a Tuthill, Louisa C.
|q (Louisa Caroline),
|d 1798-1879.
|
| 245 |
1 |
4 |
|a The mirror of life /
|c Ed. by Mrs. L. C. Tuthill ...
|
| 264 |
|
1 |
|a Philadelphia :
|b Lindsay and Blakiston,
|c [1847]
|
| 300 |
|
|
|a [5] ., [ix]-xi, [13]-239 pages, [1] page :
|b illustrations, 8 plates. ;
|c 24 cm.
|
| 336 |
|
|
|a text
|b txt
|2 rdacontent
|
| 337 |
|
|
|a unmediated
|b n
|2 rdamedia
|
| 338 |
|
|
|a volume
|b nc
|2 rdacarrier
|
| 500 |
|
|
|a Added t.-p., engraved, with vignette.
|
| 500 |
|
|
|a Imperfect: one plate wanting.
|
| 650 |
|
0 |
|a American literature.
|
| 650 |
|
0 |
|a Life.
|
| 999 |
|
|
|a MARS
|
| 999 |
f |
f |
|s 10491f83-aa87-3097-948d-2e9b765ab15c
|i 7182d184-f808-3d17-9e06-591f552facf5
|t 0
|
| 952 |
f |
f |
|p ric
|a Texas A&M University
|b Rellis Campus
|c Joint Library Facility
|d Remote Storage
|t 0
|e PS535 .T8
|h Library of Congress classification
|i unmediated -- volume
|m 32060000941837
|
| 998 |
f |
f |
|a PS535 .T8
|t 0
|l Remote Storage
|